Nenne alle Minuten einer Stunde - Statistiken

Allgemein
  • Dieses Quiz wurde 1.211 mal gespielt
  • Das Durchschnittsergebnis liegt bei 35 aus 60
Antwortstatistiken
Antwort % Korrekt
0
99%
1
97%
2
95%
3
94%
4
93%
5
93%
6
92%
7
92%
8
92%
9
92%
10
90%
11
89%
12
88%
13
87%
14
86%
15
86%
16
85%
17
84%
18
84%
19
83%
20
81%
21
80%
22
79%
23
77%
24
77%
25
75%
26
73%
27
72%
28
70%
29
69%
30
64%
31
62%
32
60%
33
57%
34
54%
35
53%
36
52%
37
50%
38
47%
39
45%
40
39%
41
36%
42
33%
43
31%
44
28%
45
25%
46
23%
47
23%
48
21%
49
19%
50
15%
51
13%
52
12%
53
11%
54
10%
55
8%
56
7%
57
7%
58
6%
59
5%
Keine übereinstimmenden Quizze gefunden
Verteilung der Resultate
Anzahl Personen mit jedem Resultat
Perzentil nach korrekt beantworteten Fragen
Ihre Resultats-Entwicklung
Sie haben dieses Quiz noch nicht gespielt